Célèbres caps - Statistiques

Statistiques générales
  • Ce quiz a été pris 52 fois
  • Le résultat moyen est 3 sur 15
Statistiques - réponses
Hint Réponse % Correct
Cap sud-africain, qui était à l'origine nommé Cap des Tempêtes Cap de Bonne Espérance
85%
Cap sud-américain très dangereux, par lequel passent les plus grandes courses de navigations Cap Horn
72%
Cap un peu plus au sud, au Sénégal, dont le nom est aussi issu d'une couleur Cap Vert
45%
Cap localisé au bout de la panhendle norvégienne, et qui tient son nom d'un point cardinal Cap Nord
36%
Cap, dont le nom vient d'une couleur, situé vers la frontière maritime entre Maroc et Mauritanie Cap Blanc
28%
Cap situé au Nord Ouest de l'Espagne, près de La Corrogne Cap Finisterre
26%
Cap d'Amérique du Nord qui porte le même nom que la ville la plus septentrionale des États-Unis Cap Barrow
9%
Cap situé au sud de l'Irlande, dernier point nord-européen avant le nouveau Monde Cap Clear
9%
Cap australien situé près de Perth Cap Leeuwin
9%
Cap qui clôt la mer d'Arafura à l'est Cap York
9%
Cap situé tout au Nord de la péninsule du Taimyr en Sibérie Cap Tchéliouskine
6%
Cap canadien situé dans le grand Nord, près de la réponse 4 Cap Bathurst
4%
Cap situé juste l'est du cap numéro 1 Cap Aguilles
2%
Cap à la pointe sud du Groenland Cap Farvell
2%
Cap situé à la frontière orientale entre les régions australiennes de Nouvelles Galles du Sud et de Victoria Cap Howe
2%
Aucun quiz correspondant
Distribution des résultats
% des personnes avec chaque résultat
Percentile par nombre de réponses
Votre historique - résultats
Vous n’avez pas pris ce quiz